Harry Potter - Les animaux et les Animagi - Statistiques

Statistiques générales
  • Ce quiz a été pris 68 fois
  • Le résultat moyen est 9 sur 10
Statistiques - réponses
Question Réponse % Correct
Qui est un Animagus ? Minerva McGonagall
100%
Laquelle de ces espèces est considérée comme la plus dangereuse des dragons ? Le magyar à pointes
89%
Quand Hedwige est-elle morte ? Lors de la Bataille des Sept Potters
89%
Qui n'est pas un Animagus ? Remus Lupin
89%
Qui est un Animagus non déclaré ? Rita Skeeter
89%
Le hibou d'Harry Potter, Hedwige, est offerte par... Rubeus Hagrid
89%
Laquelle de ces maisons n'est pas correctement liée à son animal emblématique ? Serdaigle - hippogriffe
89%
Aragog est ... Une araignée géante
89%
Laquelle de ces propositions sur Pattenrond, le chat d'Hermione Granger, est exacte ? Il est très intelligent
67%
Qu'est-ce que la "lycanthropie" ? Une maladie transformant l'homme en loup-garou une fois par mois
67%
Aucun quiz correspondant
Distribution des résultats
% des personnes avec chaque résultat
Percentile par nombre de réponses
Votre historique - résultats
Vous n’avez pas pris ce quiz